00498nam a22001577a 4500003000500000038001500005082001100020100001800031245008400049260003700133300003200170500001500202650003600217700003000253856005700283NUST aMr. Zahoor a610.28 aMahroo, Amnah aMODULATION OF MOTOR NETWORK CONNECTIVITY DUE TO TONGUE MOVEMENT /cAmnah Mahroo aIslamabad :bSMME - NUST,c2017. axvii, 56 p. : ill. ;c30cm. aHardcover. aBiomedical Sciences - MS Thesis aDr. Muhammad Nabeel Anwar uhttp://10.250.8.41:8080/xmlui/handle/123456789/42099